Об оптимизации измерений радона в воздухе помещений; АНРИ; Аппаратура и новости радиационных измерений; № 2

Bibliografiset tiedot
Parent link:АНРИ.— , 2000-
Аппаратура и новости радиационных измерений: научно-информационный журнал/ Доза ; Государственный комитет по санэпиднадзору РФ ; Метрологическая академия РФ
№ 2.— 2003.— С. 58-62
Päätekijä: Грубич А. О.
Kieli:venäjä
Julkaistu: 2003
Sarja:Практика
Aiheet:
Aineistotyyppi: MixedMaterials Kirjan osa
KOHA link:https://koha.lib.tpu.ru/cgi-bin/koha/opac-detail.pl?biblionumber=386826

MARC

LEADER 00000naa2a2200000 4500
001 386826
005 20231101063523.0
035 |a (RuTPU)RU\TPU\prd\15936 
090 |a 386826 
100 |a 20030703a2003 k y0rusy50 ca 
101 0 |a rus 
102 |a RU 
200 1 |a Об оптимизации измерений радона в воздухе помещений  |f А. О. Грубич 
225 1 |a Практика 
320 |a Библиогр.: 7 назв. 
461 1 |0 (RuTPU)RU\TPU\prd\1302  |t АНРИ  |d 2000- 
461 |t Аппаратура и новости радиационных измерений  |o научно-информационный журнал  |f Доза ; Государственный комитет по санэпиднадзору РФ ; Метрологическая академия РФ 
463 1 |0 (RuTPU)RU\TPU\prd\15371  |t № 2  |v С. 58-62  |d 2003 
610 1 |a радон 
610 1 |a помещения 
610 1 |a воздух 
610 1 |a измерения 
610 1 |a оптимизация 
610 1 |a радиологическое обследование 
700 1 |a Грубич  |b А. О. 
801 1 |a RU  |b 63413507  |c 20030703  |g PSBO 
801 2 |a RU  |b 63413507  |c 20120321  |g RCR 
942 |c BK